[Event "Nordic Youth-ch A 2019"]
[Site "Borgarnes"]
[Date "2019.02.15"]
[Round "1.1"]
[White "Keinanen, Toivo"]
[Black "Fossan, Andreas"]
[Result "1-0"]
[WhiteElo "2403"]
[BlackElo "2025"]
[Annotator "NA RC"]
[PlyCount "107"]
[EventDate "2019.02.03"]
[EventType "swiss"]
[EventCountry "ISL"]
[SourceTitle "playchess.com"]
[Source "ChessBase"]
[SourceQuality "1"]
[TimeControl "40/5400+30:1800+30"]

1. d4 {[%emt 0:00:00]} Nf6 {[%emt 0:00:09]} 2. c4 {[%emt 0:00:00]} e6 {[%emt 0:00:19]} 3. g3 {[%emt 0:01:57]} Bb4+ {[%emt 0:02:26]} 4. Bd2 {[%emt 0:00:25]} Qe7 {[%emt 0:01:39]} 5. Bg2 {[%emt 0:00:23]} Nc6 {[%emt 0:01:50]} 6. Nf3 {[%emt 0:00:08]} Bxd2+ {[%emt 0:00:36]} 7. Nbxd2 {[%emt 0:00:06]} a5 {[%emt 0:01:29]} 8. O-O {[%emt 0:00:56]} d6 {[%emt 0:01:12]} 9. e4 {[%emt 0:00:06]} e5 {[%emt 0:03:51]} 10. d5 {[%emt 0:00:02]} Nb8 {[%emt 0:00:38]} 11. Qa4+ {[%emt 0:00:01] E11: Bogo-Indian} (11. Ne1 O-O 12. Nd3 Bg4 13. Qc2 Be2 14. Rfe1 Bxd3 15. Qxd3 c6 16. h3 Nbd7 17. b3 cxd5 18. exd5 Qd8 19. g4 h6 20. Qe3 Qb6 {1-0 (120) Li,C (2720)-Henriquez Villagra,C (2517) Doha 2016}) 11... Nbd7 {[%emt 0:11:21]} 12. a3 {[%emt 0:00:12]} O-O {[%emt 0:01:23]} 13. b4 {[%emt 0:00:02]} b6 {[%emt 0:08:28]} 14. Rfc1 $146 {[%emt 0:00:39]} ({Predecessor:} 14. Qb3 Bb7 15. Nh4 g6 16. Bh3 c6 17. Qe3 Rfe8 18. Rfc1 Qf8 19. Nb3 axb4 20. axb4 Rxa1 21. Rxa1 {0-1 (65) Mankeyev,R (2381)-Rogers,I (2547) Reykjavik 2006}) 14... Ba6 {[%emt 0:06:56]} 15. Ne1 {[%emt 0:04:34]} Rfb8 {[%emt 0:09:59]} 16. Qc2 {[%emt 0:03:46]} Bb7 {[%emt 0:05:41]} 17. Nd3 {[%emt 0:00:34]} c5 {[%emt 0:02:38]} 18. dxc6 {[%emt 0:17:50]} Bxc6 {[%emt 0:00:09]} 19. Qb2 {[%emt 0:03:23]} h5 {[%emt 0:05:26]} 20. Ne1 {[%emt 0:02:39]} h4 {[%emt 0:03:00]} 21. Nc2 {[%emt 0:01:13]} hxg3 {[%emt 0:02:01]} 22. hxg3 {[%emt 0:00:36]} Nf8 {[%emt 0:08:01]} 23. Ne3 {[%emt 0:03:02]} Ne6 {[%emt 0:00:55]} 24. Nd5 {[%emt 0:15:26]} Bxd5 {[%emt 0:02:17]} 25. cxd5 {[%emt 0:00:27]} Nd4 {[%emt 0:00:35]} 26. Nf3 {[%emt 0:02:49]} Nxf3+ {[%emt 0:03:25]} 27. Bxf3 {[%emt 0:00:07]} Nh7 {[%emt 0:03:15]} 28. Rc6 {[%emt 0:06:13]} Ng5 {[%emt 0:00:37]} 29. Bg2 {[%emt 0:00:03]} Qf6 {[%emt 0:00:38]} 30. Re1 {[%emt 0:02:36]} b5 {[%emt 0:07:16]} 31. Re3 {[%emt 0:16:37]} g6 {[%emt 0:03:06]} 32. bxa5 {[%emt 0:14:22]} Rxa5 {[%emt 0:00:22]} 33. Rb3 {[%emt 0:00:17]} Rba8 {[%emt 0:00:53]} 34. Rcc3 {[%emt 0:01:40]} Rb8 {[%emt 0:02:27]} 35. Rb4 {[%emt 0:00:23]} Kg7 {[%emt 0:01:03]} 36. Qb3 {[%emt 0:03:37]} Rh8 {[%emt 0:01:26]} (36... Qd8 $11) 37. Rxb5 {[%emt 0:00:27]} Rxb5 $11 {[%emt 0:00:03]} 38. Qxb5 {[%emt 0:00:01]} Nh3+ {[%emt 0:00:31]} 39. Bxh3 {[%emt 0:00:13]} Rxh3 {[%emt 0:00:01]} 40. Kg2 {[%emt 0:00:42]} Rh8 {[%emt 0:01:09]} 41. Qd3 {[%emt 0:31:21]} Qg5 {[%emt 0:30:21]} 42. Qf3 {[%emt 0:00:15]} Qh6 43. Kf1 Rb8 {[%emt 0:01:21]} 44. Rc2 {[%emt 0:00:48]} Ra8 {[%emt 0:00:33]} 45. Rc7 {[%emt 0:00:13]} Rf8 {[%emt 0:00:32]} 46. Kg2 {[%emt 0:00:25]} Qd2 {[%emt 0:00:27]} 47. Rd7 {[%emt 0:00:09]} Kg8 {[%emt 0:00:34]} 48. Rxd6 {[%emt 0:00:18]} Rc8 {[%emt 0:00:27]} 49. Rd7 {[%emt 0:00:14]} f5 {[%emt 0:00:32]} 50. exf5 {[%emt 0:01:04]} Rc3 {[%emt 0:00:29]} 51. Qg4 {[%emt 0:00:15]} g5 {[%emt 0:00:26]} 52. f6 {[%emt 0:00:27]} Rc2 {[%emt 0:00:33]} 53. Qe6+ {[%emt 0:00:21]} Kh8 {[%emt 0:00:07]} 54. Qe8# 1-0

[Event "Nordic Youth-ch A 2019"]
[Site "Borgarnes"]
[Date "2019.02.15"]
[Round "1.2"]
[White "Mejlvang, Magnus"]
[Black "Heimisson, Hilmir Freyr"]
[Result "0-1"]
[WhiteElo "1880"]
[BlackElo "2394"]
[Annotator "TA"]
[PlyCount "42"]
[EventDate "2019.02.03"]
[EventType "swiss"]
[EventCountry "ISL"]
[SourceTitle "playchess.com"]
[Source "ChessBase"]
[SourceQuality "1"]

{[%evp 9,42,-44,-31,-50,-53,-73,-59,-54,-65,-56,-29,-98,-49,-88,-71,-106,-107,-139,-154,-164,-166,-154,-141,-777,-762,-788,-785,-750,-757,-1172,-1171,-1416,-1390,-1820,-1766]} 1. Nf3 d5 2. c4 d4 3. b4 Bg4 4. Bb2 (4. Qb3 Nf6 5. g3 a5 6. b5 a4 7. Qd3 c5 8. Bg2 Nbd7 9. h3 Bh5 10. Qc2 e5 11. Nh4 Ra7 {0-1 (54) Howell,D (2696)-Adams,M (2703) London 2018}) 4... Bxf3 5. gxf3 e5 6. c5 $146 {A09: Réti Opening: 1 Nf3 d5 2 c4} ({Predecessor:} 6. a3 a5 7. Qb3 Nd7 8. d3 Ne7 9. f4 exf4 10. Bxd4 Nc6 11. Bb2 axb4 {0-1 (29) Madebrink,L (2193)-Welin,M (2328) Malmo 2018}) 6... a5 7. a3 Nf6 8. f4 {Black is slightly better.} exf4 9. Bg2 c6 10. d3 (10. Qc2 $11) 10... Nd5 11. Qb3 axb4 12. Bxd4 {[#]} Nc7 $1 13. Qxb4 Nba6 14. Qc4 Ne6 $36 {[%mdl 2112] Double Attack. Keeping White busy.} 15. Bb2 {intending d4.} Qg5 16. O-O $2 {[%mdl 8192] [#]} (16. Bf3 $17) 16... f3 $1 $19 {Black is clearly winning.} 17. exf3 Nf4 {[%csl Gf4][%cal Rg5g2]} 18. Re1+ Be7 19. Rxe7+ Kxe7 {[%csl Gf4][%cal Rg5g2]} 20. Qe4+ Kf8 {[%csl Gf4][%cal Rg5g2]} 21. Bxg7+ Kxg7 {Accuracy: White = 35%, Black = 67%.} 0-1

[Event "Nordic Youth-ch A 2019"]
[Site "Borgarnes"]
[Date "2019.02.15"]
[Round "1.3"]
[White "Thorgeirsson, Jon Kristinn"]
[Black "Danielsson, Albin"]
[Result "1-0"]
[WhiteElo "2306"]
[BlackElo "1864"]
[Annotator "TA"]
[PlyCount "39"]
[EventDate "2019.02.03"]
[EventType "swiss"]
[EventCountry "ISL"]
[SourceTitle "playchess.com"]
[Source "ChessBase"]
[SourceQuality "1"]

{[%evp 11,39,-20,-14,-29,0,0,0,-42,37,39,24,28,194,118,103,129,59,75,131,112,104,95,113,92,260,256,245,261,227,243]} 1. e4 e6 2. Nc3 d5 3. Nf3 Nf6 4. e5 Nfd7 5. d4 c5 6. dxc5 Nc6 7. Be3 {C11: French: Classical System: 4 e5 and 4 Bg5 dxe4} (7. Bf4 Nxc5 8. h4 Be7 9. h5 f5 10. Rh3 O-O 11. Nb5 Ne4 12. c3 Qb6 13. Be3 Qa5 14. Nbd4 f4 15. Bd2 Qc7 16. Nxc6 bxc6 {1-0 (61) Nepomniachtchi,I (2718)-Ding,L (2680) St Petersburg 2012}) 7... Ndxe5 8. Nxe5 Nxe5 9. Qh5 {The position is equal.} Ng6 $146 ({Black should try} 9... Nc6 $1 $15) ({Predecessor:} 9... Nc6 10. Bb5 Be7 11. O-O O-O 12. Rfd1 Bf6 13. Bf4 g6 14. Qe2 Nd4 {½-½ (28) Naach,R (2126)-Sowden,E (2292) ICCF email 2006}) 10. Bd4 Bd7 11. O-O-O b6 $2 {[#]} (11... Qa5 $11 {and Black stays safe.}) 12. cxb6 (12. Nxd5 $1 $18 {[%cal Rc5b6][%mdl 512]} exd5 13. Qxd5) 12... axb6 $16 13. Kb1 Ra5 14. Bd3 Nf4 (14... Ne7 $142) 15. Qe5 Nxd3 16. Rxd3 f6 17. Qe3 Qc8 $2 (17... Qe7 $16 {was worth a try.}) 18. Bxb6 $18 Bc5 19. Bxc5 Qxc5 20. Nxd5 $1 {Accuracy: White = 76%, Black = 26%.} 1-0

[Event "Nordic Youth-ch A 2019"]
[Site "Borgarnes"]
[Date "2019.02.15"]
[Round "1.4"]
[White "Nass, Sara"]
[Black "Kristensen, Bjarke Hautop"]
[Result "0-1"]
[WhiteElo "1815"]
[BlackElo "2212"]
[Annotator "TA"]
[PlyCount "62"]
[EventDate "2019.02.03"]
[EventType "swiss"]
[EventCountry "ISL"]
[SourceTitle "playchess.com"]
[Source "ChessBase"]
[SourceQuality "1"]

{[%evp 21,62,19,24,10,12,0,7,0,0,0,27,0,37,26,26,0,17,-32,-17,-63,-50,-59,-22,-129,-123,-131,-80,-43,-36,-29,-21,-650,-159,-306,-296,-29986,-29985,-29992,-29993,-29995,-29996,-29996,-29991]} 1. e4 c5 2. Nf3 Nc6 3. d4 cxd4 4. Nxd4 e5 5. Nb5 d6 6. c4 Be7 7. N1c3 a6 8. Na3 f5 9. exf5 Bxf5 10. Bd3 Be6 11. O-O Nf6 12. Bg5 {B32: Sicilian: Löwenthal and Kalashnikov Variations} O-O 13. Bxf6 gxf6 14. Be4 {The position is equal.} Kh8 15. Bd5 {[#]} Qd7 $146 (15... Bd7 {seems wilder.} 16. Nc2 f5 17. Qd2 Bg5 18. Qe2 Qf6) ({Predecessor:} 15... Bd7 16. Kh1 f5 17. f4 Bf6 18. Nc2 Bg7 19. Rf3 Bh6 20. Ne2 Qf6 21. b3 Rad8 22. Qf1 b5 23. Rd1 Ne7 24. Ne3 exf4 25. Nxf4 {½-½ (25) Szabo,K (2545)-Miton,K (2624) Haguenau 2013}) 16. Nc2 f5 17. Bxe6 Qxe6 18. Nd5 f4 19. f3 Rg8 20. Qd2 Raf8 21. Rf2 Bd8 22. Rd1 {[#]} (22. Re2 $11) 22... Rf5 $1 $17 23. Re2 {[#]} Qg6 (23... Qh6 $142 $1 24. g4 Qh3) 24. Qd3 Qh5 25. Kh1 Rfg5 26. Ncb4 $2 {[%mdl 8192]} (26. Rf2 $11) 26... R5g6 $2 $40 {[%mdl 128] Black goes for the king.} (26... Nxb4 $19 {is more deadly.} 27. Qb3 (27. Nxb4 $2 Bb6 $19) 27... Nxd5 28. cxd5 b5) 27. Nxc6 (27. Nc2 $17) 27... bxc6 $19 28. Nb4 $2 (28. Nxf4 $19 exf4 29. Qe4) 28... Rh6 {[%csl Gh6][%cal Rh5h2] Black mates.} 29. h3 {[#]} Rxg2 $1 {[%mdl 576] Remove Defender} 30. Rxg2 Qxh3+ 31. Kg1 Bb6+ {Accuracy: White = 31%, Black = 55%.} 0-1

[Event "Nordic Youth-ch A 2019"]
[Site "Borgarnes"]
[Date "2019.02.15"]
[Round "1.5"]
[White "Tryggestad, Andreas Garberg"]
[Black "Holm, Filip"]
[Result "1-0"]
[WhiteElo "2351"]
[BlackElo "1960"]
[Annotator "NA"]
[PlyCount "61"]
[EventDate "2019.02.03"]
[EventType "swiss"]
[EventCountry "ISL"]
[SourceTitle "playchess.com"]
[Source "ChessBase"]
[SourceQuality "1"]
[TimeControl "40/5400+30:1800+30"]

1. d4 {[%emt 0:00:00]} Nf6 {[%emt 0:00:00]} 2. c4 {[%emt 0:00:00]} g6 {[%emt 0:00:00]} 3. Nc3 {[%emt 0:00:00]} Bg7 {[%emt 0:00:00]} 4. e4 {[%emt 0:00:00]} d6 {[%emt 0:00:04]} 5. Bd3 {[%emt 0:00:06]} O-O {[%emt 0:00:14]} 6. Nge2 {[%emt 0:00:05]} e5 {[%emt 0:01:34]} 7. d5 {[%emt 0:00:13]} Na6 {[%emt 0:00:31]} 8. a3 {[%emt 0:01:00]} Nc5 {[%emt 0:01:40]} 9. Bc2 {[%emt 0:00:10]} a5 {[%emt 0:02:09]} 10. f3 {[%emt 0:04:36]} h5 {[%emt 0:08:48]} 11. Bg5 {[%emt 0:01:15]} Bd7 {[%emt 0:00:34]} 12. b4 {[%emt 0:00:30]} axb4 {[%emt 0:00:14]} 13. axb4 {[%emt 0:00:02]} Rxa1 {[%emt 0:01:59]} 14. Qxa1 {[%emt 0:00:02]} Na6 {[%emt 0:00:08]} 15. Qb2 {[%emt 0:01:29]} Qc8 {[%emt 0:03:00]} 16. Be3 {[%emt 0:02:10]} b6 {[%emt 0:06:14]} 17. O-O {[%emt 0:00:48]} Nh7 {[%emt 0:02:39]} 18. Ra1 {[%emt 0:00:17]} c5 {[%emt 0:08:44]} 19. dxc6 {[%emt 0:00:13]} Be6 {[%emt 0:03:34]} 20. Nd5 {[%emt 0:00:57]} Bxd5 {[%emt 0:05:06]} 21. cxd5 {[%emt 0:00:07]} f5 {[%emt 0:00:38]} 22. Bxb6 {[%emt 0:00:25]} fxe4 {[%emt 0:01:18]} 23. Bxe4 {[%emt 0:00:31]} Ng5 {[%emt 0:00:11]} 24. b5 {[%emt 0:00:48]} Nxe4 {[%emt 0:07:33]} 25. fxe4 {[%emt 0:01:01]} Nc5 {[%emt 0:00:45]} 26. Bxc5 {[%emt 0:01:26]} dxc5 {[%emt 0:00:39]} 27. b6 {[%emt 0:00:27]} Bh6 {[%emt 0:01:43]} 28. b7 {[%emt 0:00:37]} Qc7 {[%emt 0:01:58]} 29. h3 {[%emt 0:04:25]} Be3+ {[%emt 0:01:23]} 30. Kh1 {[%emt 0:00:03]} g5 {[%emt 0:01:04]} 31. Qb3 {[%emt 0:00:15]} 1-0

[Event "Nordic Youth-ch A 2019"]
[Site "Borgarnes"]
[Date "2019.02.15"]
[Round "1.6"]
[White "Frambol, Christian Emil"]
[Black "Sorensen, Hampus"]
[Result "0-1"]
[WhiteElo "1864"]
[BlackElo "2289"]
[Annotator "TA"]
[PlyCount "46"]
[EventDate "2019.02.03"]
[EventType "swiss"]
[EventCountry "ISL"]
[SourceTitle "playchess.com"]
[Source "ChessBase"]
[SourceQuality "1"]

{[%evp 19,46,6,16,-24,-21,-127,-108,-187,-179,-279,-287,-273,-252,-623,-607,-603,-406,-1080,-1071,-1232,-1215,-1397,-1393,-2216,-2221,-29987,-29988,-29988,-29988]} 1. e4 e5 2. Nf3 Nc6 3. Bb5 g6 4. O-O Bg7 5. Re1 Nge7 6. c3 {C60: Ruy Lopez: Unusual Black 3rd moves and 3...g6} a6 7. Ba4 O-O 8. d4 (8. d3 b5 9. Bb3 h6 10. Nbd2 d5 11. exd5 Nxd5 12. Ne4 Kh7 13. h3 f5 {1-0 (54) Onischuk,V (2594)-Durarbayli,V (2590) Dubai 2014}) 8... exd4 9. cxd4 b5 10. Bb3 d6 {LiveBook: 7 Games} 11. Bg5 $146 ({Predecessor:} 11. h3 Na5 12. Bc2 c5 13. Nc3 cxd4 14. Nxd4 {0-1 (34) Akhmetov,A (2357)-Ali Marandi,C (2439) Porto Carras 2015}) 11... h6 12. Bh4 (12. Bxe7 $11 Nxe7 13. a4) 12... Bg4 $17 13. Nc3 {[#]} (13. h3 $17 Bxf3 14. Qxf3) 13... g5 $1 $19 {[%cal Rg5h4]} 14. d5 {[#]} (14. Bg3 $142) 14... Nd4 $1 {[%mdl 512]} 15. Bg3 (15. Nxd4 Bxd1) 15... f5 {[%cal Bf7f5,Bf5f4][%mdl 32]} 16. h4 $2 (16. exf5 Nexf5 17. Re6) 16... f4 17. Bh2 Ng6 {[%cal Be7g6,Bg6e5,Be5f3][%mdl 32]} 18. Qd3 (18. Nxd4 $142 Bxd1 19. Ne6) 18... Nxf3+ 19. gxf3 Ne5 20. Qc2 Nxf3+ 21. Kh1 Nxe1 22. Rxe1 Bf3+ 23. Kg1 Qd7 {Precision: White =  5%, Black = 100%.} 0-1

[Event "Nordic Youth-ch A 2019"]
[Site "Borgarnes"]
[Date "2019.02.15"]
[Round "1.7"]
[White "Stefansson, Vignir Vatnar"]
[Black "Norlamo, Sarabella"]
[Result "1-0"]
[WhiteElo "2263"]
[BlackElo "1841"]
[Annotator "TA"]
[PlyCount "55"]
[EventDate "2019.02.03"]
[EventType "swiss"]
[EventCountry "ISL"]
[SourceTitle "playchess.com"]
[Source "ChessBase"]
[SourceQuality "1"]

{[%evp 18,55,46,32,75,50,37,6,7,-63,121,147,132,131,139,120,161,154,183,158,195,218,206,193,200,187,561,560,557,536,570,531,1221,1316,1287,1302,1381,1374,1356,1285]} 1. c4 Nf6 2. Nc3 c5 3. g3 Nc6 4. Bg2 g6 5. e3 Bg7 6. d4 cxd4 7. exd4 O-O 8. Nge2 d6 9. O-O Bf5 10. h3 Re8 {E61: King's Indian: Early deviations for White, including Smyslov System} (10... h5 11. Bg5 Rc8 12. b3 a5 13. Qd2 Re8 14. Rad1 Bd7 15. Rfe1 Rb8 16. Nb5 Nb4 17. Nec3 Na6 18. Re2 {1-0 (53) Karthikeyan,P (2464)-Swayams,M (2439) Bhubaneswar 2018}) 11. Be3 e5 12. d5 $146 ({Predecessor:} 12. Nb5 exd4 13. Nexd4 Nxd4 14. Bxd4 Be6 15. Rc1 a6 16. Bxf6 Qxf6 17. Nc7 Qxb2 18. Nxa8 Rxa8 {1-0 (33) Cacinschi,A (2090)-Di Chiara,M (1933) Torino 2015}) 12... Nb4 {The position is equal.} 13. g4 ({White should try} 13. Qd2 $11) 13... Bd3 $2 {[#]} (13... Bxg4 $1 $15 {stays ahead.} 14. Qb3 (14. hxg4 Nxg4 15. Ne4 Qh4 $11) 14... Bxe2 15. Nxe2 a5) 14. a3 $16 Bxe2 15. Qxe2 Na6 16. b4 Nc7 17. Rfd1 a6 18. Rac1 Rb8 19. c5 Bf8 20. g5 Nh5 21. Ne4 $36 {[%mdl 2048] White is really pushing.} Be7 $2 (21... Nb5 {is more resistant.} 22. c6 Be7) 22. cxd6 $18 {White is clearly winning.} Bxd6 {If only Black now had time for ...Nb5....} 23. Bb6 Rc8 24. Qc4 Re7 25. Nxd6 Qxd6 26. Bc5 {[%mdl 64] [#] Skewer} Qd7 27. Bxe7 Qxe7 28. d6 {[%mdl 64] Double Attack. Accuracy: White = 68%, Black = 13%.} 1-0

[Event "Nordic Youth-ch A 2019"]
[Site "Borgarnes"]
[Date "2019.02.15"]
[Round "1.8"]
[White "Fjallheim, Leif Reinert"]
[Black "Sjoberg, Isak"]
[Result "0-1"]
[WhiteElo "1712"]
[BlackElo "2250"]
[Annotator "TA"]
[PlyCount "72"]
[EventDate "2019.02.03"]
[EventType "swiss"]
[EventCountry "ISL"]
[SourceTitle "playchess.com"]
[Source "ChessBase"]
[SourceQuality "1"]

{[%evp 23,71,26,33,-36,-33,-121,-114,-114,-114,-112,-117,-116,-128,-119,-56,-127,-120,-120,-134,-116,-123,-143,-104,-101,-106,-100,-27,-27,-25,-27,-16,-14,-12,-14,0,-17,-18,-17,-23,-31,0,0,0,0,0,-489,-489,-29985,-29986,-29999]} 1. e4 e5 2. Nf3 Nc6 3. Bb5 a6 4. Ba4 Nf6 5. O-O Be7 6. Re1 b5 7. Bb3 O-O 8. d4 Nxd4 9. Bxf7+ Rxf7 10. Nxe5 Rf8 11. Qxd4 c5 {C88: Closed Ruy Lopez: Anti-Marshall Systems} (11... Bb7 12. Nc3 c5 13. Qd1 b4 14. Nd5 Nxd5 15. exd5 Bd6 16. f4 Bxe5 17. fxe5 Qh4 18. Be3 Qc4 19. b3 Qxd5 20. Qxd5+ Bxd5 {½-½ (31) Amin,B (2609)-Leko,P (2717) Ningbo 2011}) 12. Qd1 Bb7 {LiveBook: 12 Games} 13. Nd2 (13. Nc3 $14) 13... c4 $146 {Black is slightly better.} ({Predecessor:} 13... Qc7 14. Ng4 Nxg4 15. Qxg4 Rf4 16. Qe2 c4 17. f3 Bc5+ 18. Kh1 Rf7 19. Nf1 {½-½ (33) Pyke,H-Corkett,A England 1989}) 14. Ng4 (14. Nf1 $15) 14... Bc5 $17 ({Reject} 14... Nxg4 $6 15. Qxg4 Rc8 16. a4 $11) 15. Nxf6+ Qxf6 16. Nf3 {[#]} Rae8 $1 17. Be3 Bxe3 18. Rxe3 Qxb2 (18... Rxe4 $17 19. Rxe4 Bxe4) 19. e5 (19. Rb1 $15 Qxa2 20. e5) 19... Bxf3 20. gxf3 Rxe5 21. Rb1 Rg5+ 22. Kf1 Qxa2 23. Ra1 Qb2 {Strongly threatening ...Qf6.} 24. Rxa6 d5 (24... h6 $17 25. Re7 Kh8 26. Rxd7 Rgf5) 25. Rd6 $11 h6 26. Rxd5 Qf6 27. Rxg5 Qxg5 {[%mdl 4096] Endgame KQR-KQR} 28. Qd7 Qh5 29. Kg2 Qg6+ 30. Kf1 $1 Qxc2 {aiming for ...c3.} 31. Qxb5 Qd1+ 32. Kg2 Rf6 {And now ...Rg6+ would win.} 33. Qxc4+ Kh7 34. Qd3+ $2 {[%mdl 8192] [#]} (34. f4 $1 $11) 34... Rg6+ $1 $19 35. Kh3 (35. Qxg6+ $19 Kxg6 36. Re6+ Kf5 37. Re4) 35... Qg1 36. f4 Qg4# {Precision: White = 39%, Black = 69%.} 0-1

[Event "Nordic Youth-ch A 2019"]
[Site "Borgarnes"]
[Date "2019.02.15"]
[Round "1.9"]
[White "Vitenberg, Noam Aviv"]
[Black "Mitra, Akash"]
[Result "1-0"]
[WhiteElo "2180"]
[BlackElo "1916"]
[Annotator "TA"]
[PlyCount "81"]
[EventDate "2019.02.03"]
[EventType "swiss"]
[EventCountry "ISL"]
[SourceTitle "playchess.com"]
[Source "ChessBase"]
[SourceQuality "1"]

{[%evp 20,81,63,32,80,50,73,23,16,-20,-15,-31,-38,-60,-32,-77,-76,-88,-91,-137,19,10,18,-133,-73,-129,0,-40,55,52,102,97,97,97,431,412,579,578,768,802,1092,934,29976,4786,29972,1541,4686,4686,1894,1759,1864,2004,2105,2130,1437,1988,1628,1693,2063,2018,29981,29982,29984,29982]} 1. Nf3 Nf6 2. c4 g6 3. Nc3 Bg7 4. e4 d6 5. d4 O-O 6. Be2 e5 7. Be3 Ng4 8. Bg5 f6 9. Bc1 Nc6 10. d5 Ne7 11. Nd2 Nh6 {E92: King's Indian: Classical: 6 Be2 e5: 7 dxe5, 7 Be3 and Petrosian System without 7...Nbd7} 12. Nb3 $146 ({Predecessor:} 12. O-O f5 13. exf5 gxf5 14. f4 Ng6 15. fxe5 Nxe5 16. Nf3 Nxf3+ 17. Rxf3 Nf7 18. Rg3 Kh8 19. Bf4 a6 20. Qd2 {0-1 (43) Lindgren,F (2233)-Blomstrom,L (2147) Sweden 2015}) 12... c5 13. dxc6 bxc6 {White has an edge.} 14. Be3 Be6 15. Qd2 Nf7 $1 16. O-O-O Qc7 17. g4 a5 $1 {[%cal Ra5a4] White must now prevent ...a4.} 18. Na4 Rfb8 19. Qc2 Bh6 $2 (19... c5 $17 20. Nc3 a4) 20. Bxh6 $11 Nxh6 21. Rdg1 $2 {[#]} (21. c5 $11 d5 22. f3) 21... Nf7 (21... c5 $142 $1 22. Nc3 a4) 22. h4 {[#]} (22. c5 $142) 22... g5 (22... c5 $1 $17 23. Nc3 a4) 23. hxg5 fxg5 ({Better is} 23... Nxg5 $15 24. Rd1 Ra7) 24. c5 $1 $14 Bxb3 25. axb3 Ng6 26. Bc4 {Hoping for cxd6.} Nf4 $2 {[%mdl 8192]} (26... Rd8 $16) 27. cxd6 $18 Qxd6 (27... Qd7 {is a better defense.} 28. f3 Kg7) 28. Bxf7+ $1 Kxf7 29. Rxh7+ Kf6 30. Rgh1 {R1h6+ would kill now.} Rd8 31. R1h6+ Ng6 32. Qe2 (32. Nb6 $142 Qd2+ 33. Qxd2 Rxd2 34. Kxd2 Rg8 35. Rc7 Rd8+ 36. Kc2 a4 37. bxa4) 32... Qd3 33. Qxd3 Rxd3 34. Nc5 Rad8 35. Nxd3 Rxd3 {[%mdl 4096] Endgame KRR-KRN} 36. Rc7 Rd6 37. Kc2 c5 38. Kc3 Rb6 39. Kc4 Ra6 40. Kxc5 a4 41. bxa4 {Accuracy: White = 40%, Black = 26%.} 1-0

[Event "Nordic Youth-ch A 2019"]
[Site "Borgarnes"]
[Date "2019.02.15"]
[Round "1.10"]
[White "Szczepanowski, Tomasz"]
[Black "Liu, Casper"]
[Result "0-1"]
[WhiteElo "1882"]
[BlackElo "2126"]
[Annotator "NA"]
[PlyCount "42"]
[EventDate "2019.02.03"]
[EventType "swiss"]
[EventCountry "ISL"]
[SourceTitle "playchess.com"]
[Source "ChessBase"]
[SourceQuality "1"]
[TimeControl "40/5400+30:1800+30"]

1. d4 {[%emt 0:00:14]} Nc6 {[%emt 0:00:28]} 2. c4 {[%emt 0:01:49]} e5 {[%emt 0:00:07]} 3. e3 {[%emt 0:00:51]} exd4 {[%emt 0:01:14]} 4. exd4 {[%emt 0:00:27]} d5 {[%emt 0:01:16]} 5. Nf3 {[%emt 0:01:14]} Bg4 {[%emt 0:04:28]} 6. Be3 {[%emt 0:02:13]} Nf6 {[%emt 0:01:45]} 7. Nc3 {[%emt 0:02:25]} Be7 {[%emt 0:11:42]} 8. Rc1 {[%emt 0:04:33]} O-O {[%emt 0:02:03]} 9. cxd5 {[%emt 0:03:27]} Nxd5 {[%emt 0:00:08]} 10. Bd3 {[%emt 0:13:44]} Nxe3 11. fxe3 {[%emt 0:00:21]} Bh4+ {[%emt 0:03:28]} 12. g3 {[%emt 0:01:00]} Bg5 {[%emt 0:00:06]} 13. Kf2 {[%emt 0:03:38]} Re8 {[%emt 0:03:30]} 14. Re1 {[%emt 0:00:28]} Bxf3 {[%emt 0:09:58]} 15. Qxf3 {[%emt 0:02:45]} Nxd4 {[%emt 0:00:48]} 16. exd4 {[%emt 0:01:39]} Qxd4+ {[%emt 0:00:14]} 17. Kg2 {[%emt 0:00:09]} Bxc1 {[%emt 0:00:10]} 18. Rxc1 {[%emt 0:00:03]} Re3 {[%emt 0:00:11]} 19. Qxb7 {[%emt 0:00:08]} Rae8 {[%emt 0:00:21]} 20. Rd1 {[%emt 0:00:35]} Rxd3 {[%emt 0:00:13]} 21. Qb5 {[%emt 0:00:58]} Rd2+ {[%emt 0:00:46]} 0-1